Online
Catalog

Presupuesto de carreteras / (Record no. 47959)

MARC details
000 -CABECERA
campo de control de longitud fija 00548nam a2200181 a 4500
001 - NÚMERO DE CONTROL
campo de control 000048471
005 - FECHA Y HORA DE LA ÚLTIMA TRANSACCIÓN
campo de control 20201002061158.0
008 - DATOS DE LONGITUD FIJA--INFORMACIÓN GENERAL
campo de control de longitud fija 190322s2015 dr a r 000 0 spa d
020 ## - NÚMERO INTERNACIONAL ESTÁNDAR DEL LIBRO
Número Internacional Estándar del Libro 9789945472493
040 ## - FUENTE DE LA CATALOGACIÓN
Centro catalogador/agencia de origen DO-SdBNP
Lengua de catalogación spa
Centro/agencia transcriptor BNPHU
082 ## - NÚMERO DE LA CLASIFICACIÓN DECIMAL DEWEY
Número de clasificación 625.7
Número de documento/Ítem M828p
100 1# - ENTRADA PRINCIPAL--NOMBRE DE PERSONA
Nombre de persona Morales Sosa, Hugo Andrés
9 (RLIN) 6557
245 10 - MENCIÓN DE TÍTULO
Título Presupuesto de carreteras /
Mención de responsabilidad, etc. Hugo Andrés Morales Sosa.
260 ## - PUBLICACIÓN, DISTRIBUCIÓN, ETC.
Lugar de publicación, distribución, etc. Santo Domingo :
Nombre del editor, distribuidor, etc. INTEC,
Fecha de publicación, distribución, etc. 2015.
300 ## - DESCRIPCIÓN FÍSICA
Extensión xv, 236 p. :
Otras características físicas il. ;
Dimensiones 28 cm.
504 ## - NOTA DE BIBLIOGRAFÍA, ETC.
Nota de bibliografía, etc. Bibliografía : p. 235-237
590 ## - NOTA LOCAL (RLIN)
Nota local Inventariado, 2019/BT
Holdings
Estado de retiro Estado de pérdida No para préstamo Código de colección Localización permanente Ubicación/localización actual Ubicación en estantería Fecha de adquisición Número de inventario Total de préstamos Signatura topográfica completa Código de barras Fecha visto por última vez Precio válido a partir de Tipo de ítem Koha
    Excluido de préstamo Patrimonio Dominicano Patrimonio Dominicano Patrimonio Dominicano Depósito 22.03.2019 LF1   625.7 M828p 48471-10 25.06.2020 25.06.2020 Libro y Folleto Colección Patrimonio Dominicano

Powered by Koha